Logo Biblioteca

Diario / (Registro nro. 692)

Detalles MARC
000 -LEADER
fixed length control field 00643nam a22002297a 4500
003 - CONTROL NUMBER IDENTIFIER
control field OSt
005 - DATE AND TIME OF LATEST TRANSACTION
control field 20251106114128.0
008 - FIXED-LENGTH DATA ELEMENTS--GENERAL INFORMATION
fixed length control field 251106s2021 ag ||||| |||| 00| 0 spa d
020 ## - INTERNATIONAL STANDARD BOOK NUMBER
International Standard Book Number 978-987-1093-39-7
040 ## - CATALOGING SOURCE
Transcribing agency AR-RoUNCS
Original cataloging agency AR-RoUNCS
080 ## - UNIVERSAL DECIMAL CLASSIFICATION NUMBER
Authority record control number or standard number 82-9(430)
100 1# - MAIN ENTRY--PERSONAL NAME
Personal name Frank, Ana
Dates associated with a name 1929-1945
Relator term autor
245 ## - TITLE STATEMENT
Title Diario /
Statement of responsibility, etc. Ana Frank ; estudio preliminar, Claudio Zeiger.
260 ## - PUBLICATION, DISTRIBUTION, ETC.
Place of publication, distribution, etc. Buenos Aires :
Name of publisher, distributor, etc. Gradifco,
Date of publication, distribution, etc. 2021.
300 ## - PHYSICAL DESCRIPTION
Extent 224 p. ;
Dimensions 19 cm.
490 0# - SERIES STATEMENT
Series statement Malva.
650 #4 - SUBJECT ADDED ENTRY--TOPICAL TERM
Topical term or geographic name entry element LITERATURA ALEMANA
650 #4 - SUBJECT ADDED ENTRY--TOPICAL TERM
Topical term or geographic name entry element HOLOCAUSTO JUDÍO
Chronological subdivision 1939-1945
655 #4 - INDEX TERM--GENRE/FORM
Genre/form data or focus term DIARIOS ÍNTIMOS
700 1# - ADDED ENTRY--PERSONAL NAME
Personal name Zeiger, Claudio.
942 ## - ADDED ENTRY ELEMENTS (KOHA)
Source of classification or shelving scheme Universal Decimal Classification
Koha item type Obra General
Suppress in OPAC No
Existencias
Withdrawn status Lost status Source of classification or shelving scheme Damaged status Not for loan Collection Home library Current library Date acquired Source of acquisition Total checkouts Full call number Barcode Date last seen Price effective from Koha item type
    Universal Decimal Classification     Colección General Biblioteca Escuela de Ciencias Sociales Biblioteca Escuela de Ciencias Sociales 06/11/2025 Donación 2023   82-9(430) F828 000524 06/11/2025 06/11/2025 Libro de préstamo a domicilio
Biblioteca de la Escuela Preuniversitaria en Ciencias Sociales y Humanísticas.
Riobamba 250 bis.
CP 2000 - Rosario - Santa Fe
E-Mail: biblioteca@esociales.unr.edu.ar